Institucions de cultura social : conferències donades al 'Institut Obrer Català' : moviment ètic-social, extensió universitària, Settlements, Ruskin Halls, Universitats populars / Cebrià Montoliu conferències donades al 'Institut Obrer Català' :
Descripción Física:
196 p. ; 20 cm
Materias:
Acadèmies, societats culturals, etc.
MARC
| LEADER | 00000nam a2200000Ia 4500 | ||
|---|---|---|---|
| 001 | 1355 | ||
| 008 | 160829s1903 xx 000 0 cat d | ||
| 080 | |a E-1-170 | ||
| 100 | |a Montoliu, Cebrià |9 46635 | ||
| 245 | |a Institucions de cultura social : |b conferències donades al 'Institut Obrer Català' : |b moviment ètic-social, extensió universitària, Settlements, Ruskin Halls, Universitats populars / Cebrià Montoliu | ||
| 260 | |a Barcelona : |b Tip. l'Avenç, |c 1903 | ||
| 300 | |a 196 p. ; |c 20 cm | ||
| 590 | |a Prové de 2283 | ||
| 650 | 0 | |a Acadèmies, societats culturals, etc. |9 30577 | |
| 901 | |a Arxiu | ||
| 942 | |n 1 | ||
| 952 | |0 0 |1 0 |4 0 |6 E1170 |7 1 |9 53344 |a Arxiu |b Arxiu |d 2016-12-01 |l 0 |o E-1-170 |p 1355 |r 2016-12-01 00:00:00 |w 2016-12-01 |y ARXIU | ||
| 999 | |c 57209 |d 57209 | ||